[Event "Hosur op 3rd"]
[Site "Hosur"]
[Date "2023.02.01"]
[Round "1"]
[White "Raju, JK2222"]
[Black "Shanmugam, D."]
[Result "1-0"]
[WhiteElo "1942"]
[BlackElo "1228"]
[PlyCount "181"]
[EventDate "2023.02.01"]
[EventType "swiss"]
[EventRounds "9"]
[EventCountry "IND"]
[SourceTitle "CBM 212 Extra"]
[Source "ChessBase"]
[SourceDate "2023.03.31"]
[SourceVersion "1"]
[SourceVersionDate "2023.03.31"]
[SourceQuality "1"]

1. e4 c5 2. Nf3 e6 3. d3 d5 4. Nbd2 Nc6 5. g3 g6 6. Bg2 Bg7 7. 0-0 Nge7 8. Qe2 0-0 9. c3 b6 10. Re1 Bb7 11. e5 Qc7 12. Nf1 Rac8 13. Bf4 Qd7 14. h4 d4 15. c4 h6 16. N1h2 Kh7 17. Ng4 Ng8 18. Qd2 Qe7 19. Rab1 Na5 20. a3 Bxf3 21. Bxf3 h5 22. Nh2 Nc6 23. b4 cxb4 24. axb4 Bh6 25. Bxc6 Rxc6 26. Nf3 Rd8 27. Re4 Rc7 28. Nxd4 Bxf4 29. Qxf4 Nh6 30. Nb5 Rcd7 31. Nd6 Nf5 32. c5 bxc5 33. bxc5 f6 34. c6 fxe5 35. Nxf5 gxf5 36. Rxe5 Rc7 37. Qc4 Rd6 38. Rc5 Kg6 39. Rb8 Rxd3 40. Qxd3 Qxc5 41. Rg8+ Kf7 42. Qd8 Qe7 43. Qb8 Kf6 44. Rh8 Ke5 45. Rc8 Kd6 46. Qb4+ Kd5 47. Rd8+ Kxc6 48. Qa4+ Kb6 49. Re8 Qd7 50. Qb3+ Ka5 51. Rxe6 Rc1+ 52. Kg2 Rc5 53. Qa3+ Kb5 54. Qa6+ Kb4 55. Rd6 Qg7 56. Qd3 Rc4 57. Qxf5 Rxh4 58. Rd7 Qg4 59. Qxg4+ Rxg4 60. Rxa7 Rg5 61. Kh3 Kb5 62. Rc7 Rf5 63. f4 Kb6 64. Rh7 Kc6 65. Kh4 Kd6 66. Rxh5 Rf8 67. Re5 Rg8 68. g4 Rh8+ 69. Kg5 Rg8+ 70. Kf5 Rf8+ 71. Ke4 Ra8 72. g5 Rf8 73. Kf3 Ra8 74. Kg4 Rh8 75. g6 Rh1 76. Kg5 Rg1+ 77. Kf6 Rg4 78. f5 Rf4 79. Re1 Ra4 80. Rd1+ Kc5 81. g7 Ra8 82. Kg6 Ra2 83. f6 Rf2 84. Rg1 Rd2 85. g8Q Rd5 86. Qc8+ Kd6 87. f7 Ke5 88. Qf5+ Kd6 89. f8Q+ Kc6 90. Qe6+ Kc7 91. Qfc8# 1-0